Statistics for 1990 NFL Standings

Click here to take the quiz!

General Stats

  • This quiz has been taken 7 times
  • The average score is 17 of 28

Answer Stats

Rank (seed)RecordNFL Team% Correct
AFC East Champ (1)13-3Buffalo Bills
100%
AFC Central Champ (3)9-7Cincinnati Bengals
100%
AFC West Champ (2)12-4Los Angeles Raiders
100%
AFC (13) Missed Playoffs3-13Cleveland Browns
75%
AFC Wild Card (6)9-7Houston Oilers
75%
AFC Wild Card (4)12-4Miami Dolphins
75%
NFC East Champ (2)13-3New York Giants
75%
NFC West Champ (1)14-2San Francisco 49ers
75%
NFC (14) Missed Playoffs5-11Atlanta Falcons
50%
NFC Central Champ (3)11-5Chicago Bears
50%
NFC (7) Missed Playoffs7-9Dallas Cowboys
50%
AFC (12) Missed Playoffs5-11Denver Broncos
50%
NFC (9) Missed Playoffs6-10Detroit Lions
50%
NFC (10) Missed Playoffs6-10Green Bay Packers
50%
AFC (9) Missed Playoffs7-9Indianapolis Colts
50%
AFC Wild Card (5)11-5Kansas City Chiefs
50%
NFC (12) Missed Playoffs5-11Los Angeles Rams
50%
NFC (11) Missed Playoffs6-10Minnesota Vikings
50%
AFC (14) Missed Playoffs1-15New England Patriots
50%
NFC Wild Card (6)8-8New Orleans Saints
50%
AFC (11) Missed Playoffs6-10New York Jets
50%
NFC Wild Card (4)10-6Philadelphia Eagles
50%
NFC (13) Missed Playoffs5-11Phoenix Cardinals
50%
AFC (8) Missed Playoffs9-7Pittsburgh Steelers
50%
AFC (10) Missed Playoffs6-10San Diego Chargers
50%
AFC (7) Missed Playoffs9-7Seattle Seahawks
50%
NFC (8) Missed Playoffs6-10Tampa Bay Buccaneers
50%
NFC Wild Card (5)10-6Washington Redskins
50%

Score Distribution

Percentile by Number Answered

Percent of People with Each Score

Your Score History

You have not taken this quiz